000 00918nam a22003017a 4500
001 BR9601276
003 BR-BrBNA
005 20230928095218.0
007 ta
008 230509b bl.||||| |||| 00| 0 por d
040 _aBR-BrBNA
_bpor
_cBiblioteca Nacional de Agricultura
041 _a(Por)
072 _aL51
_b5240
_b1930
090 _ 5240 BR9601276
100 1 _aReis, F.A.
110 1 _aUniversidade Federal de Minas Gerais, Belo Horizonte (Brasil). Escola de Veterinaria
_0Tese (Mestre em Zootecnia)
245 1 _aRetencao do fosforo em ovinos consumindo fenos de gramineas tropicais
260 3 _aBelo Horizonte, MG (Brasil):
_c1993.
300 _a82 p.
500 _aBibliography p. 63-82; Summaries (Eng, Por); 6 illus.
650 _aOvino
650 _aGraminea
650 _aFosforo
650 _aNutricao Animal
650 _aFeno
909 _a202309
_bLucia
_c55
_dLucia Elande
942 _cBK
999 _c55212
_d55212